| 000 | 00618nam a2200193Ia 4500 | ||
|---|---|---|---|
| 005 | 20250507130247.0 | ||
| 008 | 008 250505s9999 xx 000 0 eng d | ||
| 037 | _aSeries Article | ||
| 040 |
_aEASL _beng _cEASL |
||
| 041 |
_aeng _2eng |
||
| 084 | _qEASL | ||
| 100 |
_aPang Xiaopeng Etc. _9669138 |
||
| 245 | 0 | _aWomen's knowledge of voting rights affect their voting behaviour in village elections? Evedence from a randomized controlled trial in China | |
| 260 |
_aUK _bUK Cambridge Univesity Press UK _c2013 |
||
| 300 | _a39-59 | ||
| 650 | _aChina | ||
| 942 | _cSRA | ||
| 999 |
_c1318623 _d1318623 |
||